000 00806nam a22001937a 4500
005 20240530110419.0
008 141019s2010 ua grb 000 0 ara d
020 _a9773282139
040 _aEG-CaGPL
082 0 4 _221
_a346.078\
_bش إ
100 0 _aشريف محمد غنام
245 1 2 _aالافلاس الدولى لمجموعة الشركات متعددة الجنسيات :
_bمسئولية الشركة الام الاجنبية عن ديون شركاتها الوليدة /
_cشريف محمد غنام
260 _aالاسكندرية :
_bدار الجامعة الجديدة ،
_c2010
300 _a274 ص ؛
_c24 سم
650 0 4 _aالشركات الدولية
650 0 4 _aالشركات الدولية
_xافلاس
942 _2ddc
_cBK
999 _c60618
_d60618